| 000 | 00733nam a2200217 a 4500 | ||
|---|---|---|---|
| 001 | 3013 | ||
| 005 | 20140414131933.0 | ||
| 008 | 060119s19uu xx 00 eng d | ||
| 020 | _a0-590-30698-7 | ||
| 050 |
_aREF 413.1 _bT27 1998 |
||
| 100 | _aTerban, Marvin | ||
| 245 |
_aThe Scholastic dictionary of spelling : _cby Marvin Terban. _bover 15,000 words / |
||
| 260 |
_aNew York : _bScholastic, _c1998. |
||
| 300 | _a223 p. ; cm. | ||
| 500 | _aIncludes index. | ||
| 520 | _aAn alphabetically guide of more than 15,000 words that you can turn to for an instant spell check. | ||
| 650 | _aSpecialized dictionary. | ||
| 650 |
_aSpelling _xJuvenile literature. |
||
| 650 |
_aPronunciation _xJuvenile literature. |
||
| 999 |
_c112330 _d112330 |
||